| 000 | 00574nam a2200169 i 4500 | ||
|---|---|---|---|
| 001 | 89670 | ||
| 003 | ES-MaACL | ||
| 005 | 20230906180238.0 | ||
| 007 | t| | ||
| 008 | 050112s1910 sp ||||1| spa d | ||
| 100 | 1 |
_aVillanova, Rafael Lasso de la Vega, _cMarqués de, _d1890-1959 _970477 |
|
| 245 | 1 | 0 |
_aRimas de silencio y de soledad / _cRafael Lasso de la Vega. |
| 260 |
_aMadrid : _b[s.n.], _c1910 ( _fImp. Artística de J. Blass y Cía.) |
||
| 300 |
_a131 p. ; _c19 cm. |
||
| 852 |
_aES-MaACL _jG-9479(1) _q. - Encuadernado con otras obras |
||
| 999 |
_c89670 _d89670 |
||